<The> federal reserve and the financial crisis

Salvato in:
Dettagli Bibliografici
Autore principale: Bernanke, Ben S.
Natura: Libro
Lingua:inglese
Pubblicazione: Princeton Princeton University Press 2013
Soggetti:
Tags: Aggiungi Tag
Nessun Tag, puoi essere il primo ad aggiungerne!!

MARC

LEADER 00000nam a2200000 4500
001 0231031
005 20230109114522.0
020 |a 978-0-691-15873-0 
041 0 |a eng 
044 |a US 
245 1 0 |a <The> federal reserve and the financial crisis  |c lectures by: Ben S. Bernanke 
264 1 |a Princeton  |b Princeton University Press  |c 2013 
300 |a 134 s. 
610 2 0 |a rezervy finančné 
610 2 0 |a rezervy bankové 
610 2 0 |a rezervy štátne 
610 2 0 |a banky centrálne 
610 2 0 |a kríza finančná 
610 2 0 |a rozhodovanie 
610 2 0 |a vývoj 
610 2 0 |a história 
610 2 0 |a politika peňažná 
610 2 0 |a politika hospodárska 
610 2 0 |a USA 
100 1 |a Bernanke, Ben S.